000 00267nam a2200121 4500
008 190122s1983||||xo d
245 1 0 _aCvicenia z matematiky
260 _bSPN
_aBratislava
_c1983
020 _c0
041 1 _aslo
044 _axo
_cSK
958 _aAPR
999 _c22010
_d22010